El Poder del espíritu / (Registro nro. 12814)

Detalles MARC
000 -LIDER
fixed length control field 00842nam a22002657a 4500
003 - IDENTIFICACDOR DE NÚMERO DE CONTROL
control field DO-SdBNP
005 - DATE AND TIME OF LATEST TRANSACTION
control field 20231002111157.0
008 - ELEMENTOS DE LONGITUD FIJA
fixed length control field 171108b2001 sp 00| 0 spa d
020 ## - ISBN
International Standard Book Number 8425335515
040 ## - FUENTE DE CATALOGACIÓN
Agencia que crea de manera original el registro BPMSU
Idioma de catalogación spa
Agencia que realiza la transcripción BPMSU
082 ## - NÚMERO DE CLASIFICACIÓN DECIMAL DE DEWEY
Classification number 133.9
Item number A466p 2001
Edition number 22
100 1# - ASIENTO PRINCIPAL -- NOMBRE PERSONAL
Nombre personal Altea, Rosemary
240 10 - TITULO UNIFORME
Título uniforme You own the power. Stories and exercices to inspire and unleash the force within.
Idioma de una obra Español
245 10 - MENCIÓN DE TITULO
Título El Poder del espíritu /
Mención de responsabilidad Rosemary Altea ; traducción: Quim Sales.
260 ## - PUBLICACIÓN, DISTRIBUCIÓN, ETC. (PIE DE IMPRENTA)
Lugar de publicación, distribución, etc Barcelona :
Nombre del editor, distribuidor, etc. Grijalbo,
Fecha de publicación, distribución, etc 2001
300 ## - DESCRIPCIÓN FÍSICA
Extensión 344 p. ;
Dimensiones 22 cm
490 1# - MENCIÓN DE SERIES
Mención de serie Llave azul.
650 #4 - ENCABEZAMIENTO DE MATERIA--TEMÁTICO
Término temático o nombre geográfico como elemento de entrada Espiritismo
650 #4 - ENCABEZAMIENTO DE MATERIA--TEMÁTICO
Término temático o nombre geográfico como elemento de entrada Comunicación con los muertos
Subdivisión temática general Casos.
700 12 - ASIENTO SECUNDARIO -- NOMBRE PERSONAL
Nombre personal Sales, Quim
Mención de responsabilidad tr.
830 #0 - ASIENTO SECUNDARIO DE SERIE--TÍTULO UNIFORME
Título uniforme Llave azul.
942 ## - ADDED ENTRY ELEMENTS (KOHA)
Source of classification or shelving scheme Dewey Decimal Classification
Koha item type Libros
945 ## - INFORMACIÓN DE PROCESAMIENTO LOCAL
Información de procesamiento local Inventariado extranjero /2017 BT
956 ## - LOCAL ELECTRONIC LOCATION AND ACCESS (OCLC)
Nombre de host LOPEREZ
Número de acceso 10
Información de compresión 20111108
Trayectoria 0041
Existencias
Withdrawn status Lost status Source of classification or shelving scheme Damaged status Not for loan Collection code Home library Current library Date acquired Source of acquisition Total Checkouts Full call number Barcode Date last seen Price effective from Koha item type
    Dewey Decimal Classification     Colección General Biblioteca Pública Metropolitana Salomé Ureña Biblioteca Pública Metropolitana Salomé Ureña 11/08/2017 FUNDI   BPMSU CG 133.9 A466p 2001 BPMSU17110105 11/08/2017 11/08/2017 Libros